Culture Générale - Série 2695 - Statistiques

Statistiques générales
  • Ce quiz a été pris 54 fois
  • Le résultat moyen est 3 sur 10
Statistiques - réponses
Question Réponse % Correct
Quelle plante des Alpes est aussi appelée immortelle des neiges ou étoile d'argent ? edelweiss
71%
Passoire conique fine utilisée pour la cuisine ou familier. subtil, bizarre, compliqué. chinois
67%
Petite difficulté qui accroche, arrête. -9 lettres commençant par "a" anicroche
51%
Qui incarne Cléopâtre dans le film du même nom réalisé en 1963 par Joseph L. Mankiewicz ? prénom et nom Elizabeth Taylor
45%
Quel auteur-compositeur-interprète français est né à Narbonne (1913-2001) ? Charles Trenet
27%
Montre ancienne ou plante potagère vivace, à bulbe oignon
25%
Quelle est l'unité monétaire du Cambodge ? riel
24%
Quel prestigieux sommet des Alpes Lucy Walker a-t-elle été la première femme à avoir atteint en 1871 ? Cervin
22%
Action de tenir quelqu'un qui ne plaît pas à l'écart d'un groupe, d'une société, d'une manière discriminatoire et injuste ostracisme
14%
Fermier qui partage avec le propriétaire de la ferme les produits de la récolte. Synon. métayer. - 5 lettres commençant par "m" méger
0%
Aucun quiz correspondant
Distribution des résultats
% des personnes avec chaque résultat
Percentile par nombre de réponses
Votre historique - résultats
Vous n’avez pas pris ce quiz